000 00532nam a2200181Ia 4500
005 20250508162824.0
008 008 250505s9999 xx 000 0 eng d
037 _aTextual
040 _aFEDL
_beng
_cFEDL
041 _aeng
_2eng
084 _a954.02, LAN
_qFEDL
100 _aLane-Poole Stanley
245 0 _aAurangzib and the decay of the Mughal empire
260 _aNew Delhi, India
_bAtlantic Publishers and Distributors
_c1991
300 _a212p
942 _cTEXL
_h954.02, LAN
999 _c1378891
_d1378891